Güneybatı Kafkasya siyasal ve sosyal mücadeleler tarihi (Record no. 7901)

MARC details
000 -BAŞLIK
Sabit Uzunlukta Kontrol Alanı 00774na a2200265 4500
001 - KONTROL NUMARASI
Denetim Alanı 15403
003 - KONTROL NUMARASI IDENTIFIER
Denetim Alanı MIRAKIL
005 - SON İŞLEM TARİHİ VE ZAMANI
Denetim Alanı 20181213155153.0
008 - SABİT-BOY VERİ ELEMANLARI - GENEL BİLGİLER
Sabit Uzunlukta Kontrol Alanı 161101b tu 000 0
020 ## - ULUSLARARASI STANDART KİTAP NUMARASI
Uluslararası Standart Kitap Numarası 9786058832909
035 ## - SİSTEM KONTROL NUMARASI
Sistem Kontrol Numarası 15403
040 ## - KATALOGLAMA KAYNAK
Orijinal Kataloglama Ajansı Milas
Kataloglama Dili tur
Metne Dönüştürmek Ajansı TR-AnCHP
041 ## - DİL KODU
Metin / Ses Parça Veya Ayrı Başlığın Dil Kodu tur
082 ## - DEWEY ONLU SINIFLANDIRMA NUMARASI
Sınıflandırma Numarası 947.9
Ürün Numarası K26g 2010
090 ## - SINIFLAMA NUMARASI
Sınıflama Numarası 947.9 K26g 2010
100 ## - ANA GİRİŞ - KİŞİSEL İSİM
Kişisel Ad Karagöz, Erkan
Bir Adıyla İlişkilendirilen Tarihler 1954-
245 ## - BAŞLIK TABLOSU
Başlık Güneybatı Kafkasya siyasal ve sosyal mücadeleler tarihi
Sorumluluk Tablosu, Vb Erkan Karagöz
260 ## - YAYIN, DAĞITIM, VB
Yayın, Dağıtım, Vb Yeri İstanbul
Yayıncı, Dağıtıcı, Vs Adı Park Kitap
Yayın, Dağıtım, Vb Tarihi 2010
300 ## - FİZİKSEL TANIM
Kapsam 288 s.
Boyutlar 24 sm.
490 ## - SERİSİ TABLOSU
Seri Beyanı Alternatif Tarih dizisi
Hacim / Ardışık Tanımı 1
651 ## - KONU KATMA GİRİŞ - COĞRAFİ ADI
Coğrafi İsim Kafkasya
Genel Alt Bölümü Bağımsızlık mücadelesi
Kronolojik Alt Bölümü Tarih
651 ## - KONU KATMA GİRİŞ - COĞRAFİ ADI
Coğrafi İsim Kafkasya
Genel Alt Bölümü Siyasal tarih
651 ## - KONU KATMA GİRİŞ - COĞRAFİ ADI
Coğrafi İsim Kafkasya
Genel Alt Bölümü Siyaset ve yönetim
Kronolojik Alt Bölümü Tarih
942 ## - EKLENDİ GİRİŞ ELEMANLARI (KOHA)
Sınıflandırma Veya Raf Düzeni Kaynak Dewey Decimal Classification
Koha Öğesi Türü Books
999 ## - SİSTEM KONTROL NUMARALARI (KOHA)
Koha Biblionumber 7901
Koha Biblioitemnumber 7901
Holdings
Kalıcı Konum Mevcut Konum Edinme Tarihi Edinim Kaynak Toplam Check-Out'Lar Tam Çağrı Numarası Barkod Tarih Son Görülme İtibaren Geçerli Fiyatlar Koha Öğesi Türü
CHP Kütüphanesi CHP Kütüphanesi 09/09/2016 Bağış   947.9 K26g 2010 004116 09/09/2016 09/09/2016 Books